000 nam a22 7a 4500
999 _c126486
_d126486
008 170524b xxu||||| |||| 00| 0 eng d
050 _aDT2502.R987
100 _aRwelamira, Medard
_930994
245 _aRefugees in a chess game
_bReflections on Botswana, Lesotho and Swaziland refugee policies
_c/ Medard Rwelamira
260 _aUppsala
_bScandinavian Institute of African Studies
_c1990
300 _a64p. ;
_c25cm.
440 _aResearch Report
_nn. 88
_930995
650 _aBotswana
_xPolitics
_930996
650 _aRefugees
_xBotswana
_930997
650 _aLesotho
_xPolitics
_930998
650 _aRefugees
_xLesotho
_930999
650 _aSwaziland
_xPolitics
_931000
650 _aRefugees
_xSwaziland
_931001
942 _2lcc
_cMONOGRAPH